000 004650000a22001690004500
003 MACL
005 20160102164815.0
008 160102b xxu||||| |||| 00| 0 eng d
040 _aMACL
_cMACL
041 _aEnglish
082 _a820/MAS
100 _aMasson, Rosaline
_927371
245 _aIn Praise of Edinburgh
_bAn Anthology in Prose and Verse
260 _bConstable & Co Ltd
_c1912
_aLondon
650 _aEnglish Literature
_927372
942 _cBK
_k820/MAS
_2ddc
999 _c38183
_d38183